00493nam a2200145Ia 4500008004100000041000800041082001700049100002100066245004500087260003900132300002800171365001100199999001500210952012200225240624s9999 xx 000 0 und d aeng a658.4038 NAT aNATARAJAN GANESH aUNLEASHING THE KNOWLEDGE FORCE HARNESSIN c2007aNew DelhibTata McGraw- Hill axiv, : 171p. : cm. ; 24 cRSb35 c7424d7424 00104070aIMTNbIMTNcRack 29-Ad2007-11-26eAPg395.00o658.4038 NATp7424r2024-06-24 00:00:00t1w2024-06-24yBK